| 000 | 00552nam a2200193 4500 | ||
|---|---|---|---|
| 001 | 123604 | ||
| 003 | ES-MaACL | ||
| 005 | 20230906192215.0 | ||
| 007 | t| | ||
| 008 | 070214s1973 sp r ||||1| spa d | ||
| 100 | 1 |
_aQuintana, A. _994652 |
|
| 245 | 1 | 0 |
_aHandbuch des katalanischen / _cA. Quintana. |
| 260 |
_aBarcelona : _bBarcino, _c1973. |
||
| 300 |
_a310 p. ; _c19 cm + _e1 map. |
||
| 490 | 1 | _aManuals lingüistics Barcino | |
| 830 | 0 |
_aManuals lingüistics Barcino _9218950 |
|
| 852 |
_aES-MaACL _jC-55718 _bR.88116 |
||
| 999 |
_c123604 _d123604 |
||